Buying v/s hiring of agricultural machinery (Record no. 8087)

000 -LEADER
fixed length control field 00394pab a2200145 454500
008 - FIXED-LENGTH DATA ELEMENTS--GENERAL INFORMATION
fixed length control field 180718b1988 xxu||||| |||| 00| 0 eng d
100 ## - MAIN ENTRY--PERSONAL NAME
Personal name Jamal, Haroon
245 ## - TITLE STATEMENT
Title Buying v/s hiring of agricultural machinery
Remainder of title A case of tractoruse in Pakistan
260 ## - PUBLICATION, DISTRIBUTION, ETC.
Date of publication, distribution, etc. 1988
300 ## - PHYSICAL DESCRIPTION
Extent 33-49
362 ## - DATES OF PUBLICATION AND/OR SEQUENTIAL DESIGNATION
Dates of publication and/or sequential designation Apr.
650 ## - SUBJECT ADDED ENTRY--TOPICAL TERM
Topical term or geographic name entry element Farm Machinery - Pakistan
773 ## - HOST ITEM ENTRY
Main entry heading Asian Economic Review
909 ## -
-- 8087
Holdings
Withdrawn status Lost status Damaged status Not for loan Permanent Location Current Location Date acquired Serial Enumeration / chronology Barcode Date last seen Price effective from Koha item type
        Indian Institute of Public Administration Indian Institute of Public Administration 2018-07-19 Volume no: 30, Issue no: 1 AR8100 2018-07-19 2018-07-19 Articles

Powered by Koha